000 00655cam a2200217 4500500
005 20260405001951.0
041 _afre
042 _adc
100 1 0 _aEnjalbert, Cédric
_eauthor
245 0 0 _aDenis Moreau: “Ce qu’est vraiment vouloir quelque chose”
260 _c2015.
500 _a92
690 _aConcentration
690 _aCourse
690 _aCourse à pied
690 _aDenis Moreau
690 _aDispersion
690 _aSport
786 0 _nPhilosophie magazine | 88 | 4 | 2015-04-01 | p. 41-41 | 1951-1787
856 4 1 _uhttps://shs.cairn.info/magazine-philosophie-magazine-2015-4-page-41?lang=fr&redirect-ssocas=7080
999 _c2052836
_d2052836